000 01038 a2200289 4500
999 _c10277
_d10277
020 _a040905318X (pbk.)
020 _a9780409053180 (pbk.)
020 _a0409053198
020 _a9780409053197
050 0 0 _aKTL 640 BAD 2006
100 1 _aSilberberg, Harry.
_eauthor
245 1 0 _aSilberberg and Schoeman's The law of property /
250 _a5th ed. /
_bP.J. Badenhorst, Juanita M. Pienaar, Hanri Mostert.
264 _aDurban:
_bButterworths,
_c2006
300 _axxvii, 846 p. ;
500 _aIncludes bibliographical references (p. 746-748) and index.
504 _aIncludes bibliographical references (p. 746-748) and index.
650 0 _aProperty
650 0 _aReal property
650 0 _aProperty (Roman-Dutch law)
700 1 _aSchoeman, J.
_eauthor
700 1 _aBadenhorst, P. J.
_eeditor
700 1 _aPienaar, Juanita M.
_q(Juanita Magrietha),
_d1965-
_eeditor
700 1 _aMostert, Hanri.
_eeditor
942 _2lcc
_cBK
_e5th ed.
_h640
_iBAD
_kKTL